000 00734nam a2200253Ia 4500
003 OSt
005 20220923214155.0
006 a|||||r|||| 00| 0
007 ta
008 220922b |||||||| |||| 00| 0 hin d
024 _a167,642
037 _cTextual
040 _aARTS
_cARTS
_bhin
041 _2hin
_ahin
082 _aO152,1K73x, H8
100 _aकविकिंकर
_9156277
245 0 _aदेव-रत्नावली
246 _aDeva-ratnāvalī
260 _c1948
490 _aआलोक पुस्तकमाला; 9
650 _aहिन्दी साहित्य
_9156264
942 _hO152,1K73x, H8
_cTEXL
_2CC
999 _c322112
_d322112